[Event "Commonwealth & South African-ch"]
[Site "Johannesburg"]
[Date "2011.06.30"]
[Round "8.4"]
[White "Venter, Jean Pierre"]
[Black "Kruger, Ruben"]
[Result "0-1"]
[WhiteElo "1270"]
[BlackElo "1569"]
[PlyCount "66"]
[EventDate "2011.06.25"]
[EventType "swiss"]
[EventRounds "11"]
[EventCountry "RSA"]
[SourceTitle "EXT 2024"]
[Source "ChessBase"]
[SourceDate "2023.10.10"]
[SourceVersion "1"]
[SourceVersionDate "2023.10.10"]
[SourceQuality "1"]

1. e4 c5 2. Nc3 g6 3. Nf3 Bg7 4. Bc4 d6 5. d3 a6 6. a3 Nc6 7. Ng5 e6 8. f4 b5 9. Ba2 h6 10. Nf3 Nge7 11. Be3 Bb7 12. 0-0 Qc7 13. d4 cxd4 14. Nxd4 Rd8 15. f5 Nxd4 16. Bxd4 Bxd4+ 17. Qxd4 e5 18. Qf2 g5 19. h4 Bc6 20. Qf3 Qb6+ 21. Kh1 gxh4 22. Qh5 Rh7 23. Qxh4 Qe3 24. g4 Bxe4+ 25. Nxe4 Qxe4+ 26. Kg1 h5 27. Qg5 hxg4 28. Rad1 Rh1+ 29. Kf2 Qf3+ 30. Ke1 Rxf1+ 31. Kd2 Qxd1+ 32. Kc3 Qd4+ 33. Kb3 Qc4# 0-1